| 000 | 00960nam a22002537a 4500 | ||
|---|---|---|---|
| 003 | OSt | ||
| 005 | 20221205113955.0 | ||
| 008 | 140409b xxu||||| |||| 00| 0 eng d | ||
| 010 | _a2011924478 | ||
| 020 | _a9780538482400 | ||
| 020 | _a0538482400 | ||
| 040 | _cLC | ||
| 050 |
_aTK5105.888.S54 _b. |
||
| 100 |
_aShelly, Gary B. _9830 |
||
| 245 |
_aWeb design: _bIntroductory concepts and Techniques. / _cGary B. Shelly, Thomas J. Cashman and Linda A. Kosteba |
||
| 250 | _a2nd | ||
| 260 |
_aAustralia: _bThomson, _c2006. |
||
| 300 |
_axii, 203 p.: _bill _c27cm |
||
| 500 | _aIncludes index | ||
| 505 | _aContents: The Environment and the tools-- Web publishing fundamentals-- Planning a successful Web site:part 1 -- Planning a successful web site: part 2-- Typography and images-- Multimedia and interactivity elements -- Promoting and maintaining a website -- | ||
| 650 |
_aWeb Design _9831 |
||
| 700 |
_aCampbell, Jennifer T. _9832 |
||
| 942 |
_2lcc _cBK |
||
| 999 |
_c9342 _d16842 |
||